Memoria 2000. Gobierno Regional: Región de Valparaíso
Kaydedildi:
| Müşterek Yazar: | |
|---|---|
| Materyal Türü: | Kitap |
| Dil: | İspanyolca |
| Baskı/Yayın Bilgisi: |
Valparaíso
Gobierno Regional. Región de Valparaíso
2000
|
| Konular: | |
| Etiketler: |
Etiketle
Etiket eklenmemiş, İlk siz ekleyin!
|
MARC
| LEADER | 00000nam a2200000 a 4500 | ||
|---|---|---|---|
| 001 | UCG1701 | ||
| 003 | CL-VaPUC | ||
| 008 | 100513e20000000CL |||||||||||||||||spa|d | ||
| 082 | 0 | 4 | |a 352.15 |b GOB |2 21 |
| 110 | 2 | |a Gobierno Regional. Región de Valparaíso |e author |9 549675 | |
| 245 | 1 | 0 | |a Memoria 2000. Gobierno Regional: Región de Valparaíso |
| 300 | |a 92 p | ||
| 942 | |c BK | ||
| 945 | |d 20100513 00:00:00 |a dcastane | ||
| 260 | |a Valparaíso |b Gobierno Regional. Región de Valparaíso |c 2000 | ||
| 650 | 7 | |a GOBIERNO REGIONAL |2 CL-VaPUC |9 356897 | |
| 650 | 0 | |a Planificación regional |9 257050 | |
| 651 | 7 | |a CHILE |2 CL-VaPUC |9 549676 | |
| 651 | 7 | |a QUINTA REGION |2 CL-VaPUC |9 316529 | |
| 583 | |a last modification |c 20100513 00:00:00 |k Rodrigo Vera | ||
| 999 | |c 340975 |d 340973 | ||
| 952 | |0 0 |1 0 |4 0 |6 352_150000000000000_GOB_2000 |7 0 |8 X |9 436154 |a FDOBUD |b FDOBUD |d 2019-11-22 |i 4672410 |o 352.15 GOB 2000 |p 4672410 |r 2019-11-22 |w 2019-11-22 |y BK_X |k BUD | ||